=LDR 00000nam 2200000 4500 =001 INLIS000000000024689 =005 20230113034219 =035 ##$$a 0010-061300000024689 =008 230113################g##########0#ger## =041 ##$$a jer =082 ##$$a 435 =090 ##$$a 435, BRA d =100 ##$$a Braun, von Korbinian =245 1#$$a Deutsch als fremdsprache IA, Grundkurs /$c Von Korbinian Braun, Lorenz Nieder, Friedrich Schmoe =260 ##$$a Jakarta :$b Intermasa,$c 1990 =300 ##$$a 159 hlm. : $b ilus. ; $c 21 cm =650 #4$$a Bahasa Jerman =650 #4$$a Tata Bahasa =850 ##$$a NBPNMAT =084 ##$$a 435 BRA d =700 #$$a Lorenz Nieder =700 #$$a Friedrich Schmoe =990 ##$$a 88659/Pro.95 =990 ##$$a 00046330 =990 ##$$a 88.658/Pro-95 =990 ##$$a 88659/Pro.95 =990 ##$$a 00046330 =990 ##$$a 88.658/Pro-95 =990 ##$$a 88.658/Pro-95 =990 ##$$a 88659/Pro.95 =990 ##$$a 00046330 =990 ##$$a 00046330 =990 ##$$a 88659/Pro.95 =990 ##$$a 88.658/Pro-95